000
00466nam a2200169Ia 4500
008
090711s9999 xx 000 0 und d
082
_b
62474
100
_a
आफळे गोविंद
245
_a
टाकीSो घाव
260
_c
1984
300
_a
48
600
_a
आफळे गोविंद
630
_a
टाकीSो घाव
700
_a
आफळे गोविंद
730
_a
टाकीSो घाव
942
_c
BOOK
999
_c
327741
_d
327741